[Event "Philadelphia op"]
[Site "Philadelphia"]
[Date "2008.06.26"]
[Round "1"]
[White "Mohanty, Kiran Monisha"]
[Black "Cambere, Jean Marc"]
[Result "1/2-1/2"]
[WhiteElo "2316"]
[BlackElo "1789"]
[PlyCount "84"]
[EventDate "2008.06.26"]
[EventType "swiss"]
[EventRounds "9"]
[EventCountry "USA"]
[SourceTitle "CBM 125 Extra"]
[Source "ChessBase"]
[SourceDate "2008.09.01"]
[SourceVersion "1"]
[SourceVersionDate "2008.09.01"]
[SourceQuality "1"]

1. d4 Nf6 2. Nf3 g6 3. Nbd2 d5 4. e3 Bg7 5. b4 c6 6. c4 Nbd7 7. Bb2 0-0 8. Be2 Re8 9. 0-0 dxc4 10. Nxc4 Nb6 11. Nce5 h6 12. b5 cxb5 13. Bxb5 Nfd7 14. Qb3 Nxe5 15. Nxe5 Be6 16. Qa3 Rf8 17. Rac1 Qd5 18. Be2 Qxa2 19. Bf3 Qxa3 20. Bxa3 Bxe5 21. dxe5 Nd5 22. Rfd1 Rfd8 23. e4 Nb6 24. Bxe7 Rxd1+ 25. Bxd1 Nc4 26. Bb3 b5 27. f4 a5 28. f5 gxf5 29. exf5 Bxf5 30. Bxc4 bxc4 31. Rxc4 a4 32. Ba3 Be6 33. Rc3 Rb8 34. Rg3+ Kh7 35. h3 Rb5 36. Be7 Rb3 37. Rxb3 axb3 38. Ba3 Kg6 39. Kf2 Kf5 40. Bb2 h5 41. g4+ hxg4 42. hxg4+ Kxg4 1/2-1/2